000 00777cam a22002294a 4500
001 15365207
005 20241021102800.0
008 080714s2009 enka b 001 0 eng
020 _a9781405821933 (pbk. : alk. paper)
020 _a1405821930 (pbk. : alk. paper)
050 0 0 _aKJE947
_b.K57 2009
082 0 0 _a341.242/2
_222
100 1 _aKirk, Ewan.
245 1 0 _aEU law /
_cEwan Kirk.
250 _aFirst Edition
260 _aHarlow, England ;
_aNew York :
_bPearson/Longman,
_cc2009.
300 _axvii, 127 p. :
_bill. ,Glossary of Terms, Index;
_c21 cm.
440 0 _aLaw express
500 _aEU Law Express - Helps understand quickly. Revise effectively. Take exams with confidence.
650 0 _aLaw
_zEuropean Union countries.
942 _2lcc
_cBK
_eFirst Edition
_n0
999 _c96
_d96